Catalog

Record Details

Catalog Search



Available copies

  • 1 of 1 copy available at LARL/NWRL Consortium. (Show)
  • 1 of 1 copy available at Lake Agassiz Regional Library.

Current holds

0 current holds with 1 total copy.

Show Only Available Copies
Location Call Number / Copy Notes Barcode Shelving Location Status Due Date
Moorhead Public Library FED (Text) 33500013757869 Main Available -

Record details

  • ISBN: 9781982171544
  • ISBN: 1982171545
  • Physical Description: 311 pages ; 24 cm
  • Edition: First Gallery Books hardcover edition.
  • Publisher: New York : Gallery Books, [2023]

Content descriptions

Summary, etc.:
"When Cara and Brendan first meet, she's fresh out ... Read More
Subject: Mothers and sons > Fiction.
Man-woman relationships > Fiction.
Human experimentation in medicine > Fiction.
Missing persons > Fiction.
Genre: Thrillers (Fiction)
Novels.
Fiction.
LDR 03797cam a22005418i 4500
001390462
003LARL_NWRL_CONSORTIUM
00520230307222954.0
008211005s2022 nyu e 000 1 eng
010 . ‡a 2021048429
040 . ‡aDLC ‡beng ‡erda ‡cDLC ‡dYDX ‡dBDX ‡dOCLCF ‡dOCLCO ‡dOCL ‡dOI6
019 . ‡a1273497332
020 . ‡a9781982171544 ‡q(hardcover)
020 . ‡a1982171545 ‡q(hardcover)
020 . ‡z9781982171568 ‡q(ebook)
035 . ‡a(OCoLC)1274231787 ‡z(OCoLC)1273497332
042 . ‡apcc
08200. ‡a813/.6 ‡223
1001 . ‡aFedor, Emma, ‡eauthor.
24510. ‡aAt sea / ‡cby Emma Fedor.
250 . ‡aFirst Gallery Books hardcover edition.
264 1. ‡aNew York : ‡bGallery Books, ‡c[2023]
264 4. ‡c©2023
300 . ‡a311 pages ; ‡c24 cm
336 . ‡atext ‡btxt ‡2rdacontent
337 . ‡aunmediated ‡bn ‡2rdamedia
338 . ‡avolume ‡bnc ‡2rdacarrier
520 . ‡a"When Cara and Brendan first meet, she's fresh out of college with a degree in the fine arts, recovering from the recent death of her mother and spending time on Martha's Vineyard while trying to figure out her next steps. She's swept away by Brendan's humor and charm and intoxicated by his thrilling, dangerous secret. He claims -- no, he insists -- that he he can breathe underwater. He shows Cara his gills. He dives beneath the waves and doesn't emerge for many minutes at a time. He offers her the most plausible of explanations: that he is a member of the United State's Army Special Forces and has undergone top-secret experimental surgery. And Cara, struck by the force of his devotion, by his unstoppable charisma, and most of all, by the casual truth of his claim, believes him. Their summer romance quickly turns serious. And then Cara gets pregnant. She and Brendan move into a house he buys for them, and when their son, Micah, is born, she is sure their happy ending is underway. Still, she is forced to contend with Brendan's dramatic moods, and struggles to overlook his unexplained disappearances and the weight of his dangerous secrets. She knows it must be PTSD. The trauma of war. The desperate, tragic memories that scar all soldiers. Cara is determined to stay strong for her young family, to heal Brendan's psychic wounds, to keep him safe. Until he and baby Micah seemingly vanish into thin air -- or deep water. Five years later, Cara is still struggling to move forward, married to another man and trying to rebuild her life, when a local fisherman announces he's spotted a man and small child treading water in Nantucket Sound. The news rekindles Cara's never-abandoned hope that her child may still be alive. As she fights to untangle delusion from reality, and revisits a past she's worked hard to reconcile, she's determined to learn the truth about her lost love and finally find her son"-- ‡cPublisher's description.
650 0. ‡aMothers and sons ‡vFiction. ‡0(LARL_NWRL_CONSORTIUM)166024
650 0. ‡aMan-woman relationships ‡vFiction. ‡0(LARL_NWRL_CONSORTIUM)165985
650 0. ‡aHuman experimentation in medicine ‡vFiction. ‡0(LARL_NWRL_CONSORTIUM)169671
650 0. ‡aMissing persons ‡vFiction. ‡0(LARL_NWRL_CONSORTIUM)165976
655 7. ‡aThrillers (Fiction) ‡2lcgft
655 7. ‡aNovels. ‡2lcgft
655 7. ‡aFiction. ‡2lcgft
77608. ‡iOnline version: ‡aFedor, Emma. ‡tAt sea. ‡bFirst Gallery Books hardcover edition. ‡dNew York : Gallery Books, 2022 ‡z9781982171568 ‡w(DLC) 2021048430
901 . ‡a390462 ‡bOCoLC ‡c390462 ‡tbiblio ‡soclc

Additional Resources